01184nam a2200217 a 450000100100000000500170001000800410002704000250006808200160009311001070010924501730021626000980038930000200048750400300050770000400053704900090057795201290058695201140071595201200082999900170094900002839320250701121838.0110408s2006 dr 000 0 spa d aDO-SdBNPbspacBNPHU axxxxbR426r1 aRepública Dominicana.bSecretaría de Estado de Educación Superior, Ciencia y Tecnología91877810aReglamento de evaluación para las bibliotecas de las instituciones de educación superior de la República Dominicana /cpresentación Ligia Amada Melo de Cardona. aSanto Domingo :bSecretaria de Estado de Educación Superior, Ciencia y Tecnología,c2006. a38 p. ;c21 cm. aBibliografía : p. 35-3812aMelo de Cardona, Ligia Amada927174 aBNPD 001054708DSaGRbGRcCTd2011-05-16iLF1l0oxxxx R426rp28393-30r2020-06-25te. 3w2020-06-25yLFDSZPréstamo en sala 0010718PDaPDbPDcCTd2011-04-08iLF1l0oxxxx R426rp28393-10r2020-06-25w2020-06-25yLFPDZNo se presta 0010718PDaPDbPDcCTd2011-05-03iLF1l0oxxxx R426rp28393-20r2020-06-25te. 2w2020-06-25yLFPDZNo se presta c27885d27885